000 00334nam a22001337a 4500
005 20250901165817.0
008 250402b |||||||| |||| 00| 0 eng d
020 _a9789966443236
050 _aPL 8704 .A23 2012
245 _aMZIMU WA WATU WA KALE
_cABDULLA SAID MUHAMMED
260 _aNAIROBI
_bKLB
_c2012
300 _a90
942 _2lcc
999 _c9515
_d9515